Statistiques concernant Drapeaux du monde à trois bandes

Cliquez ici pour prendre le quiz!

Statistiques générales

  • Ce quiz a été pris 93 fois
    (84 depuis la dernière actualisation)
  • Le résultat moyen est 20 sur 24

Statistiques - réponses

Réponse% Correct
Belgique
100%
France
100%
Irlande
100%
Italie
100%
Roumanie
99%
Russie
98%
Allemagne
96%
Pays-bas
96%
Côte d'Ivoire
93%
Estonie
91%
Luxembourg
91%
Colombie
89%
Bulgarie
88%
Lettonie
86%
Hongrie
80%
Tchad
80%
Lituanie
78%
Arménie
76%
Mali
74%
Bolivie
68%
Guinée
65%
Yémen
65%
Gabon
64%
Sierra Leone
61%

Distribution des résultats

Percentile par nombre de réponses

% des personnes avec chaque résultat

Votre développement - résultats

Vous n’avez pas pris ce quiz depuis la dernière actualisation